000 00642nam a2200241Ia 4500
003 OSt
005 20220918164238.0
006 a|||||r|||| 00| 0
007 ta
008 220917b |||||||| |||| 00| 0 eng d
020 _a0520072006 (pbk)
024 _a44,797
037 _cTextual
040 _aARTS
_cARTS
_beng
041 _2eng
_aeng
082 _aYxM64:g, N8
245 0 _aWeber irrationality and social order edited by Alan Sicea
260 _aBerkeley
_bUniv Pf California Press
_c1990
300 _axiii,305p.
_ccm.
650 _aSOCIOLOGY
942 _hYxM64:g, N8
_cTEXL
_2CC
999 _c123819
_d123819